Statistics for Complete This Movie Title

Click here to take the quiz!

General Stats

  • This quiz has been taken 126 times
  • The average score is 11 of 15

Answer Stats

YearFilmMissing word% Correct
2009Harry Potter and the Half-_____ PrinceBlood
92%
2004Harry Potter and the Prisoner of _____Azkaban
88%
2012The Dark Knight _____Rises
87%
2003The Lord of the Rings: The Return of the _____King
83%
2015Star Wars: Episode VII - The Force _____Awakens
81%
2005Star Wars: Episode III – _____ of the SithRevenge
79%
2015Avengers: Age of ____Ultron
77%
2014Captain America: The _____ SoldierWinter
76%
2008Indiana Jones and the Kingdom of the _____ SkullCrystal
67%
2014The Hobbit: The _____ of the Five ArmiesBattle
60%
2013Star Trek Into _____Darkness
58%
2013Thor: The Dark _____World
58%
2014The Hunger Games: ______ - Part 1Mockingjay
56%
2016Batman v Superman: _____ of JusticeDawn
50%
2015Mission: Impossible – _____ NationRogue
47%

Score Distribution

Percentile by Number Answered

Percent of People with Each Score

Your Score History

You have not taken this quiz